Les films de Noémie Merlant - Statistiques

Statistiques générales
  • Ce quiz a été pris 8 fois
  • Le résultat moyen est 5 sur 18
Statistiques - réponses
Par images Réponse % Correct
Emmanuelle
60%
Les femmes au balcon
60%
L'innocent
60%
Portrait de la jeune fille en feu
60%
Une année difficile
60%
Jumbo
40%
Les âmes soeurs
40%
Les Olympiades
40%
Tàr
40%
Curiosa
20%
Le ciel attendra
20%
Lee Miller
20%
L'Orpheline avec en plus un bras en moins
20%
A tous les vents du ciel
0%
Le Retour du héros
0%
Les drapeaux de papier
0%
Les héritiers
0%
Un an, une nuit
0%
Aucun quiz correspondant
Distribution des résultats
% des personnes avec chaque résultat
Percentile par nombre de réponses
Votre historique - résultats
Vous n’avez pas pris ce quiz